000 00440nam a2200169 a 4500
005 20140412111242.0
008 010904s19uu xx 00 eng d
020 _a1-85758-845-2
050 _aTR(GS 372.7
_bH462 1998
100 _aHegarty, John
245 _aMental maths, ages 6-7 /
_cJohn Hegarty.
260 _aLondon :
_bLetts Educational,
_c1998.
300 _a32 p.
440 _aLetts
650 _aMathematics
999 _c102770
_d102770